ՀՀ Գիտությունների ազգային ակադեմիայի հիմնարար գիտական գրադարան  =   Fundamental Scientific Library of NAS RA

Буря : (Record no. 507743)

MARC details
000 -LEADER
fixed length control field 01401nam a22003017a 4500
003 - CONTROL NUMBER IDENTIFIER
control field AM-YEHGA
001 - CONTROL NUMBER
control field 1361960
005 - DATE AND TIME OF LATEST TRANSACTION
control field 20250617163516.0
008 - FIXED-LENGTH DATA ELEMENTS--GENERAL INFORMATION
fixed length control field 180524s1961 un a||||r||f||000|1|rus||
040 ## - CATALOGING SOURCE
Original cataloging agency AM-YeHGA
041 0# - LANGUAGE CODE
Language code of text/sound track or separate title rus
090 ## - LOCALLY ASSIGNED LC-TYPE CALL NUMBER (OCLC); LOCAL CALL NUMBER (RLIN)
-- 511173
100 1# - MAIN ENTRY--PERSONAL NAME
Personal name Старицкий, Михаил Петрович
245 10 - TITLE STATEMENT
Title Буря :
Remainder of title Исторический роман [о Б. Хмельницком] /
Statement of responsibility, etc. М. Старицкий ; [Худ. : И. Ф. Манец].
260 ## - PUBLICATION, DISTRIBUTION, ETC.
Place of publication, distribution, etc. Киев :
Name of publisher, distributor, etc. Молодь,
Date of publication, distribution, etc. 1961.
300 ## - PHYSICAL DESCRIPTION
Extent 504 с., 1 л. цв. ил. :
Other physical details ил. ;
Dimensions 22 см.
490 1# - SERIES STATEMENT
Series statement Исторические повесть и роман
500 ## - GENERAL NOTE
General note Продолж. романа "Перед бурей"
500 ## - GENERAL NOTE
General note Продолжением является роман У Пристани
600 14 - SUBJECT ADDED ENTRY--PERSONAL NAME
Personal name Хмельницкий, Богдан Михайлович
650 14 - SUBJECT ADDED ENTRY--TOPICAL TERM
Topical term or geographic name entry element Украинская художественная литература
General subdivision Исторические романы
653 0# - INDEX TERM--UNCONTROLLED
Uncontrolled term Украина, 17 в. (х. л.)
653 0# - INDEX TERM--UNCONTROLLED
Uncontrolled term Казачество украинское (х. л.)
653 0# - INDEX TERM--UNCONTROLLED
Uncontrolled term Национально-освободительное движение на Украине, 17 в. (х. л.)
700 1# - ADDED ENTRY--PERSONAL NAME
Personal name Манец, И. Ф.
Relator term худ.
Relationship art
830 #0 - SERIES ADDED ENTRY--UNIFORM TITLE
Uniform title Исторические повесть и роман
942 ## - ADDED ENTRY ELEMENTS (KOHA)
Source of classification or shelving scheme Universal Decimal Classification
Koha item type Գրքեր / Books
Holdings
Withdrawn status Lost status Source of classification or shelving scheme Damaged status Not for loan Collection Home library Current library Date acquired Total checkouts Full call number Barcode Date last seen Price effective from Koha item type Public note
    Universal Decimal Classification     General Fundamental Scientific Library Fundamental Scientific Library 06/05/2021   PII/50493 FL0647178 06/05/2021 06/05/2021 Գրքեր / Books 30 Days Loan
          General Fundamental Scientific Library Fundamental Scientific Library 14/07/2021   РII/56337 FL0653231 14/07/2021 14/07/2021 Գրքեր / Books 30 Days Loan


ՀՀ ԳԱԱ հիմնարար գիտական գրադարան
ՀՀ,Երևան 0019
Մարշալ Բաղրամյան 24/6
հեռախոս:(374-10) 52-47-50
Հետադարձ կապ

All site content, except where otherwise noted, is licensed under a
Creative Commons License